00611nam a22001937a 450000500170000001000150001702000270003203500140005903500130007303700130008603700220009908200110012110000160013224500660014826000450021427000840025930000240034350000500036720130321113231.0 aENG-104401 a9789380388953c1050.00 aEN -87934 aB-491248 bDBAD/PUB bMallika Books/Ven a341.48 aSingh, N.K. aInternational migration and human rights law /cby N.K.Singh aNew DelhibD.P.S. Publishing Housec2011 aRoom No. 213, 7/28, Mahavir Street, Ansari Road, Darya Ganj,bNew Delhie110002 avi,279p.c22cm (Hb) aIncludes bibliographical references and index